000 00306nam a2200121Ia 4500
008 190216s9999||||xx |||||||||||||| ||und||
100 _aHarry G Guthmann
245 0 _aAnalysis Of Financial Statements
260 _bPrentice Hall Of India Pvt Ltd
_c1976
300 _a703p
650 _aCommerce
942 _cBK
999 _c3939
_d3939